000 00272nam a2200109Ia 4500
008 230907s9999||||xx |||||||||||||| ||und||
082 _a5.8
_bSMI
100 _aSmith, Richard E.,
245 0 _aElementary information security /
300 _axxi, 866 pages :
942 _cBK
999 _c600428
_d600428